[Event "Challenge"]
[Site "http://www.queenalice.com/game.php?id=1759189"]
[Date "2021.5.11"]
[Round "-"]
[White "magalhaes_br"]
[Black "jamesxirb"]
[Result "1-0"]
[WhiteElo "1564"]
[BlackElo "1292"]

1. d4 d5 2. Nf3 f6 3. Bf4 g5 4. Be3 c6 5. g3 g4 6. Nfd2 e5 7. Bg2 b5 8. O-O Ne7
9. c3 Bf5 10. Re1 e4 11. b3 h5 12. c4 b4 13. c5 a5 14. Qc2 Ng6 15. a3 bxa3 16.
Nxa3 Nd7 17. Nab1 h4 18. Nc3 h3 19. Bh1 Ra6 20. Qb2 Ra7 21. b4 Qb8 22. b5 cxb5
23. Nxb5 Rb7 24. Rxa5 Bh6 25. Nd6+ Qxd6 26. Qxb7 Ke7 27. cxd6+ Ke6 28. Ra8 Kxd6
29. Rxh8 Nxh8 30. Bxh6 Nf7 31. Bf4+ Ke6 32. Ra1 Nd6 33. Qa8 Nb6 34. Qc6 Nc4 35.
Nxc4 dxc4 36. Qxd6+ Kf7 37. Ra7+ Kg6 38. Qf8 Be6 39. Qg7+ Kf5 40. Qh7# 1-0

[Event "Challenge"]
[Site "http://www.queenalice.com/game.php?id=1761448"]
[Date "2021.6.5"]
[Round "-"]
[White "jamesxirb"]
[Black "magalhaes_br"]
[Result "0-1"]
[WhiteElo "1287"]
[BlackElo "1575"]

1. e4 e5 2. d4 d6 3. d5 Nf6 4. Nc3 Be7 5. b4 O-O 6. f4 c6 7. Nf3 h6 8. f5 Nbd7
9. Be3 a5 10. b5 Nc5 11. bxc6 bxc6 12. dxc6 Qc7 13. Bb5 Ba6 14. Bxa6 Rxa6 15.
Nd2 Qxc6 16. Rb1 Rb6 17. Nc4 Rxb1 18. Nxb1 Qa4 19. Nc3 Qxc4 20. Qd2 Nfxe4 21.
Nxe4 Qxe4 22. Ke2 Qg4+ 23. Kf1 Qxf5+ 24. Ke2 Ne4 25. Qd5 Nc3+ 26. Kd2 Nxd5 0-1

[Event "Challenge"]
[Site "http://www.queenalice.com/game.php?id=1762305"]
[Date "2021.6.16"]
[Round "-"]
[White "magalhaes_br"]
[Black "jamesxirb"]
[Result "1-0"]
[WhiteElo "1531"]
[BlackElo "1306"]

1. e4 e5 2. Nf3 f6 3. Bc4 c6 4. c3 b5 5. Bb3 a5 6. a3 a4 7. Bc2 c5 8. d3 g5 9.
d4 d5 10. dxe5 fxe5 11. Nxe5 Qc7 12. Ng4 h5 13. Ne3 Bg4 14. Nxg4 h4 15. h3 Rh7
16. exd5 Re7+ 17. Be3 Rf7 18. Bg6 Nd7 19. Bxf7+ Kxf7 20. O-O Ra6 21. Nd2 Rd6 22.
c4 Ngf6 23. Nxf6 Kxf6 24. Qh5 Ke7 25. Qxg5+ Ke8 26. Rae1 Be7 27. Qg8+ Nf8 28.
Bf4 Kd7 29. Ne4 Rg6 30. Qf7 Qa5 31. Bd2 Qd8 32. Bg5 bxc4 33. Nxc5+ Kd6 34. Nb7+
Kc7 35. Nxd8 Kd6 36. Qxe7+ Kxd5 37. Qxf8 Rxg5 38. Rd1+ Ke5 39. Rfe1# 1-0

[Event "Challenge"]
[Site "http://www.queenalice.com/game.php?id=1762308"]
[Date "2021.6.16"]
[Round "-"]
[White "jamesxirb"]
[Black "magalhaes_br"]
[Result "1-0"]
[WhiteElo "1279"]
[BlackElo "1549"]

1. e4 e5 2. c4 Nf6 3. Nc3 g6 4. g4 Bg7 5. Nf3 d6 6. g5 Ng8 7. d4 Bg4 8. h3 Bxf3
9. Qxf3 Qd7 10. h4 h6 11. b4 f5 12. a4 f4 13. a5 a6 14. Bh3 Qe7 15. Nd5 Qf7 16.
Qg4 Qd7 17. Qxd7+ Nxd7 18. Nxc7+ Kf7 19. Nxa8 Nf8 20. Rb1 Ne7 21. Ra1 Nh7 22. d5
Rxa8 23. Be6+ Ke8 24. h5 Nxg5 25. b5 Nxe4 26. hxg6 Nxg6 27. Bf5 axb5 28. Bxg6+
Kf8 29. Bxe4 b6 30. cxb5 Rxa5 31. Rxa5 bxa5 32. b6 1-0

[Event "Challenge"]
[Site "http://www.queenalice.com/game.php?id=1763354"]
[Date "2021.6.30"]
[Round "-"]
[White "magalhaes_br"]
[Black "jamesxirb"]
[Result "1-0"]
[WhiteElo "1539"]
[BlackElo "1299"]

1. d4 d5 2. Nf3 e6 3. Bf4 h6 4. e3 Nc6 5. a3 g5 6. Bg3 f6 7. h3 Bd6 8. Bxd6 cxd6
9. Bb5 a6 10. Ba4 b5 11. Bb3 h5 12. Nc3 Nge7 13. Qe2 h4 14. Nh2 f5 15. O-O-O e5
16. Nxd5 Nxd5 17. Bxd5 Qb6 18. Qf3 Bb7 19. Qxf5 Rf8 20. Qxg5 Rxf2 21. Qxh4 exd4
22. Qxf2 Qc5 23. Bb3 dxe3 24. Qf7+ Kd8 25. Be6 e2 26. Qd7# 1-0

[Event "Challenge"]
[Site "http://www.queenalice.com/game.php?id=1763471"]
[Date "2021.7.1"]
[Round "-"]
[White "jamesxirb"]
[Black "magalhaes_br"]
[Result "0-1"]
[WhiteElo "1291"]
[BlackElo "1565"]

1. e4 e5 2. Nf3 d6 3. c4 Nf6 4. Bd3 Be7 5. O-O Nbd7 6. b4 b6 7. h3 c5 8. Qa4 O-O
9. Nc3 Nh5 10. g4 Nf4 11. Qc6 Ba6 12. b5 Qc8 13. Qxc8 Bxc8 14. Nd5 Nxd3 15. Ba3
Nf4 16. Nxe7+ Kh8 17. Nxc8 Raxc8 18. Rae1 Nxh3+ 19. Kg2 Nf4+ 20. Kg3 Rce8 21.
Rd1 Re6 22. Rh1 Rh6 23. g5 Rxh1 24. Rxh1 f6 25. g6 Nxg6 26. Rd1 f5 27. d4 exd4
28. exf5 Rxf5 29. Re1 Nf6 30. Bc1 h6 31. Re6 d5 32. Rc6 Kh7 33. Rc7 Ne4+ 34. Kg4
Rf6 35. Rxa7 dxc4 36. Rd7 Nc3 37. a3 Nxb5 38. Rb7 d3 39. Rd7 Rd6 40. Kh5 Rxd7
41. a4 Nd4 42. Nd2 Nb3 43. Nxc4 Nxc1 44. Nd2 c4 45. Nf3 c3 46. Ne1 d2 47. Nc2
d1=Q+ 48. f3 Qh1+ 49. Kg4 Rf7 50. Kg3 Qxf3+ 51. Kh2 Qg4 52. Ne3 Rf2+ 53. Ng2
Qxg2# 0-1

[Event "Challenge"]
[Site "http://www.queenalice.com/game.php?id=1764385"]
[Date "2021.7.15"]
[Round "-"]
[White "Capixaba789"]
[Black "jamesxirb"]
[Result "1-0"]
[WhiteElo "1706"]
[BlackElo "1293"]

1. e4 e5 2. Bc4 d6 3. Nf3 g5 4. d3 f6 5. Nxe5 fxe5 6. Qh5+ Kd7 7. Bxg5 Be7 8.
Qf7 Kc6 9. a4 h6 10. Bd5+ Kc5 11. Be3+ Kb4 12. c3+ Ka5 13. b4+ Ka6 14. b5+ Ka5
15. Nd2 Nf6 16. Nb3# 1-0

[Event "Challenge"]
[Site "http://www.queenalice.com/game.php?id=1764429"]
[Date "2021.7.15"]
[Round "-"]
[White "jamesxirb"]
[Black "magalhaes_br"]
[Result "0-1"]
[WhiteElo "1286"]
[BlackElo "1551"]

1. d4 d5 2. b4 Nf6 3. h3 e6 4. h4 Bxb4+ 5. c3 Bd6 6. f3 Bg3+ 7. Kd2 Nc6 8. Rh3
Bd6 9. Qa4 Bd7 10. g4 h6 11. Na3 Ne7 12. Qc2 a6 13. Kd1 c5 14. dxc5 Bxc5 15. Rh1
Rc8 16. Rh2 Bxg1 17. Rg2 Ba7 18. e3 Qa5 19. Rh2 Ba4 20. Kd2 Bxc2 21. Kxc2 Qxc3+
22. Kd1 Qxa1 23. h5 Qxc1+ 24. Ke2 Qxa3 25. Ke1 Qxe3+ 26. Be2 Qg1+ 27. Kd2 Qxh2
28. a3 Qf4+ 29. Ke1 Rc1+ 30. Bd1 Qe3+ 31. Kf1 Rxd1+ 32. Kg2 Qg1+ 33. Kh3 Qh1+
34. Kg3 Rg1+ 35. Kf4 g5+ 36. Ke5 Nxg4+ 37. fxg4 Ng8 38. Kd6 Bb8+ 39. Kc5 Kd7 40.
Kb6 Rxg4 41. Kxb7 Qxh5 42. Kxb8 f6 43. Kb7 Qe8 44. Kxa6 Qb8 45. a4 Rxa4# 0-1

[Event "Challenge"]
[Site "http://www.queenalice.com/game.php?id=1765248"]
[Date "2021.7.25"]
[Round "-"]
[White "magalhaes_br"]
[Black "jamesxirb"]
[Result "1-0"]
[WhiteElo "1570"]
[BlackElo "1281"]

1. e4 e5 2. Nf3 f6 3. d4 d5 4. dxe5 dxe4 5. Qxd8+ Kxd8 6. Nh4 g5 7. exf6 Nxf6 8.
Bxg5 Be7 9. Nf5 Bxf5 10. Nc3 Nc6 11. Bb5 h6 12. Bf4 Nh5 13. Be3 a6 14. Be2 Nb4
15. Bd1 Rg8 16. g3 Rg6 17. Bxh5 Nxc2+ 18. Ke2 Bg4+ 19. Kd2 Nxa1 20. Bxg6 Bf3 21.
Rxa1 Kd7 22. Nxe4 Bb4+ 23. Kc2 Rg8 24. Nf6+ Ke6 25. Nxg8 a5 26. a3 Bf8 27. Re1
b6 28. Bxb6+ Kd6 29. Bxa5 h5 30. Bb4+ Kc6 31. Bxf8 Kb5 32. Be4 Bg4 33. Nf6 Be6
34. Nxh5 Kc4 35. Bd3+ Kd4 36. Rxe6 c5 37. b4 c4 38. Re4+ Kd5 39. Rxc4 Ke5 40. b5
Ke6 41. b6 Kf7 42. b7 Kxf8 43. Rc7 Ke8 44. b8=Q# 1-0

[Event "Challenge"]
[Site "http://www.queenalice.com/game.php?id=1765413"]
[Date "2021.7.27"]
[Round "-"]
[White "magalhaes_br"]
[Black "jamesxirb"]
[Result "1-0"]
[WhiteElo "1568"]
[BlackElo "1270"]

1. e4 e5 2. Nf3 f6 3. c3 c5 4. Bc4 Ne7 5. O-O a6 6. a4 Nbc6 7. d3 g5 8. Re1 Bh6
9. Nbd2 g4 10. Nh4 Na5 11. Ba2 d5 12. Nf5 Nxf5 13. exf5 Bxf5 14. Nf1 Ke7 15.
Bxh6 Rg8 16. Ng3 Rg6 17. Bd2 Bxd3 18. Re3 e4 19. Qe1 Qd7 20. Bb1 Nb3 21. Ra2
Nxd2 22. Bxd3 Nc4 23. Bc2 Nb6 24. b4 Nc4 25. Re2 Rg5 26. Nxe4 dxe4 27. Rxe4+ Ne5
28. bxc5 Qd5 29. c4 Qe6 30. Qa5 f5 31. Re2 Kf7 32. Qc7+ Kf6 33. Qxb7 Rgg8 34.
Qxh7 Ra7 35. Qxa7 Rg7 36. Qb6 Re7 37. Qxe6+ Rxe6 38. Bb3 Nd3 39. Rxe6+ Kg5 40.
Rc6 Nb4 41. a5 Nxc6 42. Rd2 f4 43. Rd6 Nb4 44. c6 Nxc6 45. Rxc6 g3 46. fxg3 fxg3
47. hxg3 Kg4 48. Rxa6 Kxg3 49. c5 Kf4 50. c6 Ke4 51. c7 Ke3 52. c8=Q Kd3 53.
Rd6+ Ke4 54. Qh3 Ke5 55. Rd1 Kf6 56. Qe3 Kg6 57. Rd4 Kf6 58. Rf4+ Kg5 59. Qe5+
Kg6 60. Rf6+ Kg7 61. Qe7+ Kh8 62. Rf8# 1-0

[Event "Challenge"]
[Site "http://www.queenalice.com/game.php?id=1766049"]
[Date "2021.8.3"]
[Round "-"]
[White "jamesxirb"]
[Black "magalhaes_br"]
[Result "0-1"]
[WhiteElo "1277"]
[BlackElo "1553"]

1. e3 e5 2. Bc4 d5 3. Bb5+ c6 4. Bd3 Nf6 5. h3 Bc5 6. c4 O-O 7. Qb3 d4 8. Nf3
Nbd7 9. Ng5 Re8 10. Bxh7+ Nxh7 11. h4 Nxg5 12. hxg5 Qxg5 13. g3 Qf5 14. d3 g6
15. Nd2 Kg7 16. e4 Qf6 17. Qd1 Rh8 18. Nf3 Rxh1+ 0-1

[Event "Challenge"]
[Site "http://www.queenalice.com/game.php?id=1766511"]
[Date "2021.8.8"]
[Round "-"]
[White "magalhaes_br"]
[Black "jamesxirb"]
[Result "1-0"]
[WhiteElo "1572"]
[BlackElo "1266"]

1. e4 e5 2. c3 c5 3. Nf3 Nc6 4. Bc4 Nf6 5. d3 a6 6. O-O b5 7. Bb3 h6 8. Nbd2 Na5
9. Bc2 c4 10. b4 Nc6 11. dxc4 bxc4 12. Nxc4 d6 13. Ba3 Be6 14. Bb3 Nxe4 15. Qc2
d5 16. Ne3 g5 17. h3 d4 18. cxd4 Nxd4 19. Nxd4 exd4 20. Qc6+ Bd7 21. Qxe4+ Be6
22. Bxe6 fxe6 23. Qxe6+ Be7 24. Nd5 Rc8 25. Rac1 Rb8 26. Rc7 Rb6 27. Rxe7+ Kf8
28. Qf7# 1-0

[Event "Challenge"]
[Site "http://www.queenalice.com/game.php?id=1766832"]
[Date "2021.8.13"]
[Round "-"]
[White "jamesxirb"]
[Black "magalhaes_br"]
[Result "1-0"]
[WhiteElo "1262"]
[BlackElo "1576"]

1. e4 e5 2. Nc3 Nf6 3. g3 g6 4. b4 Bg7 5. f3 O-O 6. d4 Qe8 7. g4 d6 8. g5 Nh5 9.
d5 Nf4 10. Bb5 c6 11. dxc6 bxc6 12. Qxd6 Qd8 13. Qxd8 Rxd8 14. Bc4 Ne6 15. h4
Nf4 16. a4 Ba6 17. Bxa6 Nxa6 18. Nh3 Nxh3 19. Rxh3 Nxb4 20. Rh2 h6 21. gxh6 Bh8
22. Ba3 Na6 23. Rb1 Rab8 24. Be7 Rd7 25. Bc5 Nxc5 26. Rxb8+ Kh7 27. Rg2 Na6 28.
Rc8 Nc7 29. h5 gxh5 30. Rgg8 Kxh6 31. Rxh8+ Kg6 32. Rcg8+ Kf6 33. Rh6+ Ke7 34.
Rh7 Kd6 35. Rxh5 Re7 36. Rh7 Kc5 37. Rd8 Kc4 38. Rd3 Na6 39. Na2 Nb4 40. Rc3+
Kd4 41. Rh8 Nxa2 42. Rxc6 Nb4 43. Kd2 Nxc6 44. Rc8 Na5 45. c3# 1-0

[Event "Challenge"]
[Site "http://www.queenalice.com/game.php?id=1767105"]
[Date "2021.8.16"]
[Round "-"]
[White "Capixaba789"]
[Black "jamesxirb"]
[Result "0-1"]
[WhiteElo "1733"]
[BlackElo "1278"]

1. e3 e5 2. Bc4 d5 3. Bb3 c5 4. Nf3 Nc6 5. c3 e4 6. Ng1 f5 7. d4 c4 8. Bc2 Nf6
9. Ne2 g5 10. Ng3 h5 11. Na3 h4 12. Ne2 a6 13. Bd2 g4 14. Nf4 Bd6 15. Qe2 a5 16.
Nb5 Ra6 17. a4 Rb6 18. Nxd5 Nxd5 19. Qxc4 Be6 20. b4 Rh6 21. Qe2 h3 22. bxa5
hxg2 23. Rg1 Rxh2 24. axb6 Kf8 25. f4 Qh4+ 26. Kd1 Rh1 0-1

[Event "Challenge"]
[Site "http://www.queenalice.com/game.php?id=1767184"]
[Date "2021.8.18"]
[Round "-"]
[White "jamesxirb"]
[Black "magalhaes_br"]
[Result "0-1"]
[WhiteElo "1284"]
[BlackElo "1545"]

1. e4 e5 2. d4 Nf6 3. Nc3 d6 4. Nf3 Nbd7 5. h3 g6 6. Nd5 c6 7. Bg5 Bg7 8. Qd2
O-O 9. Nxf6+ Nxf6 10. Bxf6 Qxf6 11. O-O-O b6 12. h4 h5 13. Qc3 Bb7 14. dxe5 dxe5
15. Rd3 Rad8 16. Rd2 Rxd2 17. Qxd2 c5 18. Qd7 Bxe4 19. Qxa7 Bxf3 20. gxf3 Qxf3
21. Rh2 Qf4+ 22. Kd1 Qxh2 23. Ke1 Qf4 24. Qxb6 Qb4+ 25. Qxb4 cxb4 26. Bc4 Ra8
27. a3 bxa3 28. Bd5 Ra5 29. bxa3 Rxd5 30. c3 Rd3 31. c4 Rxa3 32. c5 Rc3 33. Kd2
Rxc5 34. Kd3 f5 35. f3 Rc1 36. Ke3 Rc3+ 37. Kf2 e4 38. f4 e3+ 39. Ke2 Bf6 40.
Kf3 Bxh4 41. Kg2 Rc2+ 42. Kf3 e2 43. Kg2 e1=Q+ 44. Kh3 Qg3# 0-1

[Event "Challenge"]
[Site "http://www.queenalice.com/game.php?id=1767629"]
[Date "2021.8.22"]
[Round "-"]
[White "jamesxirb"]
[Black "dejami"]
[Result "0-1"]
[WhiteElo "1283"]
[BlackElo "1656"]

1. e4 e5 2. d4 f6 3. f4 exf4 4. Bxf4 d6 5. d5 g5 6. Qh5+ Ke7 7. Nf3 gxf4 8. c4
Bd7 9. g4 Be8 10. Qh4 Nd7 11. g5 Bg6 12. e5 dxe5 13. Nc3 Ke8 14. Qg4 f5 15. Qg2
Bc5 16. Qe2 Ne7 17. Nxe5 Nxe5 18. Qxe5 Kf7 19. Rb1 Nc8 20. Qf6+ Qxf6 21. gxf6
Re8+ 22. Kd2 Nd6 23. b3 Re3 24. b4 Bd4 25. c5 Ne8 26. Bc4 Rxc3 27. Rbe1 Rxc4 28.
Kd3 Rxb4 29. Re5 Bxe5 30. Ke2 Bh5+ 31. Kd2 Nxf6 32. a3 Rb2+ 33. Kc1 Nxd5 34. Re1
Ne3 35. Rg1 Rd8 36. Rg5 Rd1# 0-1

[Event "Challenge"]
[Site "http://www.queenalice.com/game.php?id=1767630"]
[Date "2021.8.22"]
[Round "-"]
[White "dejami"]
[Black "jamesxirb"]
[Result "1-0"]
[WhiteElo "1647"]
[BlackElo "1281"]

1. e4 e5 2. Bc4 c6 3. Qf3 f6 4. Nh3 b5 5. Bb3 d6 6. Ng5 Bd7 7. Nf7 Qc8 8. Nxh8
Ne7 9. Nf7 c5 10. Nxd6+ Kd8 11. Nxc8 Kxc8 12. c3 c4 13. Bd1 Nbc6 14. Na3 a6 15.
Qh5 h6 16. Qf7 Kc7 17. b3 Kd6 18. Qh5 Kc7 19. bxc4 g6 20. Qf3 Bg7 21. Qd3 Be6
22. cxb5 Rd8 23. Qc2 h5 24. bxc6 Nxc6 25. Qb2 Rb8 26. Qc2 g5 27. Qd3 Rd8 28.
Qxa6 Rb8 29. Ba4 Rb6 30. Qe2 g4 31. Nb5+ Kd7 32. Qd3+ Ke7 33. Qd6+ Kf7 34. Qc7+
Ke8 35. Qxb6 Bd7 36. Nc7+ Kf7 37. Bxc6 Kg6 38. Bxd7 Kg5 39. d3+ Kg6 40. Bf5+ Kf7
41. Qe6+ Kf8 42. Ba3# 1-0

[Event "Challenge"]
[Site "http://www.queenalice.com/game.php?id=1768434"]
[Date "2021.9.1"]
[Round "-"]
[White "jamesxirb"]
[Black "magalhaes_br"]
[Result "0-1"]
[WhiteElo "1308"]
[BlackElo "1513"]

1. d4 d5 2. f3 Nf6 3. g4 g6 4. g5 Nfd7 5. Bg2 Bg7 6. c3 O-O 7. f4 e6 8. a4 a5 9.
b4 b6 10. Nf3 Bb7 11. b5 c6 12. Be3 f6 13. gxf6 Nxf6 14. Ne5 Nbd7 15. Nxc6 Qe8
16. Bh3 Nb8 17. Nxb8 Rxb8 18. Kd2 Ne4+ 19. Kc1 Rc8 20. Qf1 Nxc3 21. Ra3 Nxa4+
22. Kd1 Rc7 23. Bg4 Qxb5 24. Bxe6+ Kh8 25. Nd2 Re7 26. Rb3 Qc6 27. Qf3 Qxe6 28.
Rb5 Nc3+ 29. Ke1 Nxb5 30. h4 a4 31. h5 Qxe3 32. Rh2 Qg1+ 33. Nf1 Qxh2 34. Nxh2
Nxd4 35. Qc3 Rxe2+ 36. Kd1 Rxh2 37. Qc7 Ba6 38. Qxb6 gxh5 39. Qxa6 h6 40. Qxa4
Rxf4 41. Qa8+ Kh7 42. Ke1 Nc2+ 43. Kd1 Rf1# 0-1

[Event "Challenge"]
[Site "http://www.queenalice.com/game.php?id=1769046"]
[Date "2021.9.7"]
[Round "-"]
[White "magalhaes_br"]
[Black "jamesxirb"]
[Result "0-1"]
[WhiteElo "1498"]
[BlackElo "1300"]

1. d4 d5 2. Nf3 e6 3. Bf4 h6 4. h3 g5 5. Bh2 g4 6. hxg4 c5 7. e3 Nc6 8. c3 c4 9.
b3 cxb3 10. axb3 b5 11. Bxb5 Bd7 12. Bd3 f6 13. O-O f5 14. gxf5 exf5 15. Qc2 Rb8
16. Ne5 Bd6 17. f4 Nf6 18. Nxd7 Qxd7 19. c4 Nb4 20. Qc3 Ne4 21. Bxe4 dxe4 22. c5
Be7 23. Ra4 Nd5 24. Qc4 Nxe3 25. Qe2 Nxf1 26. Qxf1 Rxb3 27. Kf2 Rb2+ 28. Kg1
Qxa4 29. Qd1 Qa1 30. Nc3 Qa3 31. Nb1 Qe3+ 32. Kh1 Qf2 33. Bg1 Qxg2# 0-1

[Event "Challenge"]
[Site "http://www.queenalice.com/game.php?id=1770929"]
[Date "2021.9.27"]
[Round "-"]
[White "magalhaes_br"]
[Black "jamesxirb"]
[Result "1-0"]
[WhiteElo "1435"]
[BlackElo "1324"]

1. e4 e5 2. Nf3 f6 3. Bc4 c6 4. c3 b5 5. Bb3 a5 6. d4 a4 7. Bc2 g5 8. dxe5 g4 9.
Ng1 h5 10. g3 Qb6 11. Be3 Bc5 12. Bxc5 Qxc5 13. Qd4 Qxd4 14. cxd4 fxe5 15. dxe5
c5 16. a3 Nc6 17. Nd2 Nd4 18. Bd1 Rh6 19. Ne2 Bb7 20. Nxd4 cxd4 21. b3 Re6 22.
f4 d5 23. exd5 Bxd5 24. b4 Bxh1 25. Kf2 Kd7 26. Kg1 Bd5 27. Be2 Rc6 28. Bxb5 Rb8
29. Bxc6+ Kxc6 30. Rc1+ Kb7 31. Rc5 Ne7 32. Nc4 Nc6 33. Na5+ Nxa5 34. Rxa5 d3
35. Rxd5 Rc8 36. Rxd3 Rc1+ 37. Kg2 Kb6 38. e6 Rd1 39. Rxd1 Kb5 40. Rd5+ Kc6 41.
Rd1 Kb5 42. e7 Kc4 43. e8=Q Kb3 44. Qe3+ Kc2 45. Rd2+ Kc1 46. Qe1# 1-0

[Event "Challenge"]
[Site "http://www.queenalice.com/game.php?id=1771012"]
[Date "2021.9.28"]
[Round "-"]
[White "jamesxirb"]
[Black "magalhaes_br"]
[Result "0-1"]
[WhiteElo "1312"]
[BlackElo "1447"]

1. e4 e5 2. g3 Nf6 3. d3 g6 4. g4 d6 5. g5 Nfd7 6. Nd2 Bg7 7. Ngf3 O-O 8. h4 c5
9. Nc4 Qe7 10. Be3 b5 11. Nxd6 Qxd6 12. Qd2 Qc6 13. O-O-O a5 14. c3 a4 15. c4
bxc4 16. dxc4 Nb6 17. h5 Qxe4 18. Bg2 Qg4 19. b3 axb3 20. Qd8 Rxd8 21. Rxd8+ Bf8
22. Rhd1 Nc6 23. Re8 Bb7 24. Rxa8 Bxa8 25. axb3 Qxg2 26. Rd8 Qxf3 27. Bxc5 Nxd8
28. Bxb6 Ne6 29. b4 Qa3+ 30. Kd1 Qxb4 31. c5 Bxc5 32. h6 Bxb6 33. Ke2 Qg4+ 34.
Kf1 Qg2+ 35. Ke2 Qxf2+ 36. Kd3 Qe3+ 37. Kc4 Qd4+ 38. Kb5 Bh1 39. Ka6 Bc7 40. Kb5
Qb6+ 41. Ka4 e4 42. Ka3 e3 43. Ka2 e2 44. Ka3 e1=Q 45. Ka4 Qea5# 0-1

[Event "Challenge"]
[Site "http://www.queenalice.com/game.php?id=1771910"]
[Date "2021.10.11"]
[Round "-"]
[White "AdilsonGomes"]
[Black "jamesxirb"]
[Result "1-0"]
[WhiteElo "1476"]
[BlackElo "1292"]

1. b3 e5 2. Bb2 d5 3. Bxe5 f5 4. e3 Nc6 5. Bb2 Nf6 6. Nf3 Be6 7. Ne5 Bd6 8. d4
Qe7 9. Nxc6 bxc6 10. Be2 h5 11. O-O f4 12. Qd3 Kf7 13. Bc1 Qd7 14. exf4 h4 15.
h3 Bf5 16. Qc3 Bxf4 17. Bxf4 Ne4 18. Qb4 Rhb8 19. Qe1 Rb6 20. Nc3 Qe7 21. Nxe4
Bxe4 22. c4 g5 23. Be3 Rab8 24. c5 Rb4 25. Qd2 Qe6 26. Bxg5 Rg8 27. Bh5+ Kg7 28.
Qxb4 Qf5 29. Qd2 Kf8 30. f4 Rg7 31. Bg4 Qh7 32. f5 Qg8 33. Bh6 Qf7 34. f6 Kg8
35. fxg7 Qg6 36. Qf4 Bd3 37. Qf8+ Kh7 38. Qh8# 1-0

[Event "Challenge"]
[Site "http://www.queenalice.com/game.php?id=1771911"]
[Date "2021.10.11"]
[Round "-"]
[White "jamesxirb"]
[Black "AdilsonGomes"]
[Result "0-1"]
[WhiteElo "1301"]
[BlackElo "1467"]

1. e4 b6 2. d4 Bb7 3. Ne2 Bxe4 4. f3 Bb7 5. c4 e6 6. h4 h6 7. g4 Bxf3 8. Rh3
Bxg4 9. Bg2 Bxh3 10. Bxh3 Qxh4+ 11. Kd2 Qxh3 12. Nf4 Qh2+ 13. Ne2 Nf6 14. Kd3 g5
15. Qf1 Nc6 16. Qxf6 Qh3+ 17. Be3 Qf5+ 18. Kd2 Qxf6 19. a3 Na5 20. Kc3 Qf3 21.
Kd3 Qf5+ 22. Kc3 Qe4 23. Kd2 Nxc4+ 24. Kc3 Nxe3 25. Ng3 Qc2# 0-1